000 00567cam a2200193 4500500
005 20260405002004.0
041 _afre
042 _adc
100 1 0 _aLequin, Mathilde
_eauthor
245 0 0 _aLe snobisme
260 _c2015.
500 _a58
690 _aAdèle Van Reeth
690 _aCatherine Portevin
690 _aRaphaël Enthoven
690 _aSnobisme
786 0 _nPhilosophie magazine | 89 | 5 | 2015-05-01 | p. 67-67 | 1951-1787
856 4 1 _uhttps://shs.cairn.info/magazine-philosophie-magazine-2015-5-page-67?lang=fr&redirect-ssocas=7080
999 _c2053037
_d2053037